Southville International School and Colleges
Your cart is empty.
  • Cart
  • Lists
    Public lists Eva Luna New books Lux_list list_1
    Your lists Log in to create your own lists
  • Log in to your account
  • Your cookies
  • Search history
Southville International School and Colleges
  • Advanced search
  • Recent comments
  • Most popular
  • Libraries

Log in to your account

Log in with GOOGLE


If you do not have an external account, but do have a local account, you can still log in:

  1. Home
  2. MARC view: Making documentaries & new features in the Philippines /
Normal view MARC view ISBD view

Making documentaries & new features in the Philippines / (Record no. 345393)

[ view plain ]
MARC details
000 -LEADER
fixed length control field 00867nam a2200313Ia 4500
003 - CONTROL NUMBER IDENTIFIER
control field 20180125131113.0
005 - DATE AND TIME OF LATEST TRANSACTION
control field 20180125131154.0
008 - FIXED-LENGTH DATA ELEMENTS--GENERAL INFORMATION
fixed length control field 171120s9999 xx 000 0 und d
020 ## - INTERNATIONAL STANDARD BOOK NUMBER
International Standard Book Number 9712705684
050 ## - LIBRARY OF CONGRESS CALL NUMBER
Classification number 70.19
050 ## - LIBRARY OF CONGRESS CALL NUMBER
Item number K368 1996
100 ## - MAIN ENTRY--PERSONAL NAME
Personal name Kenny, James
245 ## - TITLE STATEMENT
Title Making documentaries & new features in the Philippines /
245 ## - TITLE STATEMENT
Statement of responsibility, etc by James Kenny and Isabel Enriquez Kenny.
260 ## - PUBLICATION, DISTRIBUTION, ETC. (IMPRINT)
Place of publication, distribution, etc Philippines :
260 ## - PUBLICATION, DISTRIBUTION, ETC. (IMPRINT)
Name of publisher, distributor, etc Anvil,
260 ## - PUBLICATION, DISTRIBUTION, ETC. (IMPRINT)
Date of publication, distribution, etc 1996
300 ## - PHYSICAL DESCRIPTION
Extent 186 pages :
300 ## - PHYSICAL DESCRIPTION
Other physical details illustrations ;
300 ## - PHYSICAL DESCRIPTION
Dimensions 25cm.
500 ## - GENERAL NOTE
General note Includes glossary.
650 ## - SUBJECT ADDED ENTRY--TOPICAL TERM
Topical term or geographic name as entry element Documentary television programs --
650 ## - SUBJECT ADDED ENTRY--TOPICAL TERM
Topical term or geographic name as entry element Television feature stories --
650 ## - SUBJECT ADDED ENTRY--TOPICAL TERM
General subdivision Philippines.
650 ## - SUBJECT ADDED ENTRY--TOPICAL TERM
General subdivision Production and direction -- Philippines.
700 ## - ADDED ENTRY--PERSONAL NAME
Personal name Kenny, Isabel Enriquez.
700 ## - ADDED ENTRY--PERSONAL NAME
Personal name Title.
942 ## - ADDED ENTRY ELEMENTS (KOHA)
Source of classification or shelving scheme Dewey Decimal Classification
Koha item type Books
Holdings
Withdrawn status Lost status Damaged status Home library Current library Date acquired Total Checkouts Full call number Barcode Date last seen Price effective from Koha item type
      Stonyhurst Southville International School (Malarayat) Stonyhurst Southville International School (Malarayat) 11/20/2017   FIL 070.19 K368 1996 SSISM4437 11/20/2017 11/20/2017 Books

Making documentaries & new features in the Philippines /

APA

Kenny J., Kenny I. E. & Title.Making documentaries & new features in the Philippines. Philippines: .

Chicago

Kenny James, Kenny Isabel Enriquez and Title.Making documentaries & new features in the Philippines. Philippines: .

Harvard

Kenny J., Kenny I. E. and Title.Making documentaries & new features in the Philippines. Philippines: .

MLA

Kenny James, Kenny Isabel Enriquez and Title.Philippines: . .

  • Place hold
  • Print
  • Cite
  • Add to your cart (remove)
  • Save record
    BIBTEX Dublin Core MARCXML MARC (non-Unicode/MARC-8) MARC (Unicode/UTF-8) MARC (Unicode/UTF-8, Standard) MODS (XML) RIS
  • More searches
    Search for this title in:
    Other Libraries (WorldCat) Other Databases (Google Scholar) Online Stores (Bookfinder.com) Open Library (openlibrary.org)

Exporting to Dublin Core...

SOUTHVILLE LIBRARY

Southville International School and Colleges Library

1281 Tropical Ave. Cor. Luxembourg St., BF Homes International, Las Pinas City

Tel. No. 8256374 / 252358 Loc. 117/146

Powered by Koha